logo

Bir Sreshtho Munshi Abdur Rouf Library
Jhenaidah Cadet College

A text book of electrical technology : (Record no. 8154)

MARC details
000 -LEADER
fixed length control field 00731cam a2200253u 4500
001 - CONTROL NUMBER
JCCL Control Number 8154
003 - CONTROL NUMBER IDENTIFIER
JCCL marc code BD-JhCC
005 - DATE AND TIME OF LATEST TRANSACTION
control field 20180709120802.0
008 - FIXED-LENGTH DATA ELEMENTS--GENERAL INFORMATION
fixed length control field 830613s1966 ii a 000 0 eng
035 ## - SYSTEM CONTROL NUMBER
system control number (BD-JhCC)8154
040 ## - CATALOGING SOURCE
Original cataloging agency DLC
Transcribing agency CarP
Modifying agency DLC
-- BD-JhCC
041 ## - LANGUAGE CODE
Language code of Book eng
050 00 - LIBRARY OF CONGRESS CALL NUMBER
Classification number TK146
Item number .T435 1966
082 ## - DEWEY DECIMAL CLASSIFICATION NUMBER
Author mark and Year THE 2003
Classification number 621.31
100 1# - MAIN ENTRY--PERSONAL NAME
Personal name Theraja, B. L.
245 12 - TITLE STATEMENT
Title A text book of electrical technology :
Remainder of title in S.I. system of units
Statement of responsibility, etc B. L. Theraja and A. K. Theraja
250 ## - EDITION STATEMENT
Edition statement rev. and enl. ed.
260 ## - PUBLICATION, DISTRIBUTION, ETC. (IMPRINT)
Place of publication, distribution, etc New Delhi,
Name of publisher, distributor, etc Niraj Prakashan;
Date of publication, distribution, etc 1966.
300 ## - PHYSICAL DESCRIPTION
Pagination 799 p. :
Other physical details illus. (part col.)
Dimensions 22 cm.
650 #0 - SUBJECT ADDED ENTRY--TOPICAL TERM
Topical term or geographic name as entry element Electrical engineering.
700 ## - ADDED ENTRY--PERSONAL NAME
Personal name Theraja, A. K.
942 ## - ADDED ENTRY ELEMENTS (KOHA)
Source of classification or shelving scheme Dewey Decimal Classification
Koha item type Books
Holdings
Source of classification or shelving scheme Damaged status Not for loan Home library Current library Shelving location Total Checkouts Full call number Barcode Date last seen Copy number Koha item type
Dewey Decimal Classification     JCC Rouf Library JCC Rouf Library General Stacks   621.31 THE 2003 10784 02/19/2018 C - 1 Books

JCC Library | Contacts | JCC Home

Last Update on 23 September 2017
Copyright @ 2017-2020 JCC Rouf Library
Rouf Library, Jhenidah Cadet College (JCC), Bangladesh